Primi 15 paesi interessati da Covid-19 - 31 gennaio - Statistics

Statistiche generali
  • Questo quiz è stato fatto 6 volte
  • Il punteggio medio è 12 su 28
Statistiche sulle risposte
paese % Corretto
Italia
83%
Regno Unito
83%
Argentina
67%
Brasile
67%
Francia
67%
India
67%
Messico
67%
Portogallo
67%
Russia
67%
Spagna
67%
Stati Uniti
67%
Belgio
50%
Germania
50%
Paesi Bassi
50%
Polonia
50%
Croazia
33%
Israele
33%
Panama
33%
Slovenia
33%
Sudafrica
33%
Svizzera
33%
Turchia
33%
Cechia
17%
Colombia
17%
Armenia
0%
Bahrain
0%
Georgia
0%
Lituania
0%
Nessun quiz corrispondente trovato
Distribuzione punteggi
Percentuale di utenti per punteggio
Percentile per numero di risposta
I tuoi punteggi nel tempo
Non hai fatto questo quiz